| 000 | 00000nam##2200000za#4500 |
| 001 | 9.576107 |
| 003 | CaOODSP |
| 005 | 20210624185002 |
| 007 | cr ||||||||||| |
| 008 | 150406|1980||||xxc|||||o f|0| 0 eng|d |
| 040 | |aCaOODSP|beng |
| 043 | |an-cn--- |
| 086 | 1 |aFs97-13/185E-PDF |
| 110 | 1 |aCanada. |bDepartment of Fisheries and Oceans. |
| 245 | 10|aAssessment of groundfish stocks off the West Coast of Canada (1979) / |h[electronic resource]|cK.S. Ketchen (editor). |
| 260 | |aNanaimo - British Columbia : |bFisheries and Oceans Canada |c1980. |
| 300 | |a250p.|bfigs., references, tables |
| 490 | 1 |aCanadian data report of fisheries and aquatic sciences|vNo. 185 |
| 500 | |aOn t.p.: Pacific Biological Station, Nanaimo, British Columbia. Catalogue number of the print edition appears in the PDF version. |
| 546 | |a(Résumé en français) |
| 590 | |a13-09-Supp|b2013-04-04 |
| 830 | #0|aCanadian data report of fisheries and aquatic sciences ;|vNo. 185|w(CaOODSP)9.505124 |
| 856 | 40|ahttp://publications.gc.ca|qPDF|s4338 KB|uhttps://publications.gc.ca/collections/collection_2013/mpo-dfo/Fs97-13-185-eng.pdf|yNo. 185 |